000 00521nam a2200193Ia 4500
008 240729s9999 xx 000 0 und d
022 _a2255-8691
245 0 _aApplied Computer Systems
260 _aPoland
260 _bSciendo
650 _a Computer software
650 _a Electronic computers. Computer science
650 _a Instruments and machines
650 _a Mathematics
650 _aScience
856 _uhttps://doaj.org/toc/aa58c7fb77584744af4c21e154a89098
942 _2ddc
942 _cDOAJEJ
999 _c70675
_d70675
945 _a1
_bMadushi Gamage
_c1
_dMadushi Gamage